Prokydalos' use ta cvilo navkruhy ...

Bibliographic Details
Main Author: Hrabovs'kyj, Pavlo Arsenovyč, 1864-1902 (Author)
Format: Article
Language:Ukrainian
Subjects:

MARC

LEADER 00000nab a2200000 4500
001 vtls011867609
003 SK-MaSNL
005 20260303095038.0
008 190524c2019 xo zr|p || ||00 c0ukr
015 |a SNBRB2019/05 
038 |a SVKPOCL 
040 |a SVKPOCL  |b slo  |c SVKPOCL  |e rda 
041 0 |a ukr 
044 |a xo  |c SK 
072 7 |a 821.161  |x Východoslovanské literatúry  |2 konspekt 
080 |a 821.161.2-1-053.2  |2 2011 
080 |a 821.161.2-93  |2 2011 
080 |a 821.161.2-1  |2 2011 
080 |a (477)  |2 2011 
100 1 |a Hrabovs'kyj, Pavlo Arsenovyč,  |d 1864-1902  |4 aut  |9 914953 
245 1 0 |a Prokydalos' use ta cvilo navkruhy ...  |c Pavlo Hrabovs'kyj 
336 |a text  |b txt  |2 rdacontent 
337 |a bez média  |b n  |2 rdamedia 
338 |a zväzok  |b nc  |2 rdacarrier 
500 |a Hrabovs'kyj Pavlo pozri Hrabovs'kyj, Pavlo Arsenovyč 
650 0 7 |a ukrajinské básne  |2 svkpocl  |9 857154 
650 0 7 |a ukrajinská poézia  |2 SNKPH  |9 59029 
650 0 7 |a ukrajinská literatúra  |2 SNKPH  |9 1218 
650 0 7 |a poézia pre deti  |2 SNKPH  |9 31212 
773 0 |t Veselka  |g Roč. 67, č. 8 (2018/2019), s. [12] 
852 |a SVKPO  |b KIS3GCP 
958 |a SS 
958 |a UA 
958 |a LX 
958 |a DB 
999 |c 1823521  |d 1825451